KOHA-Header-6

Advanced Engineering Mathematics (Record no. 21)

000 -LEADER
fixed length control field 00283nam a2200109Ia 4500
008 - FIXED-LENGTH DATA ELEMENTS--GENERAL INFORMATION
fixed length control field 190722s9999 xx 000 0 und d
100 ## - MAIN ENTRY--PERSONAL NAME
Personal name Dr. A.B.Mathur V.P Jaggi
245 #0 - TITLE STATEMENT
Title Advanced Engineering Mathematics
260 ## - PUBLICATION, DISTRIBUTION, ETC. (IMPRINT)
Place of publication, distribution, etc New Delhi
Name of publisher, distributor, etc Khanna Publishers
Date of publication, distribution, etc 2013
300 ## - PHYSICAL DESCRIPTION
Extent 1300
942 ## - ADDED ENTRY ELEMENTS (KOHA)
Koha item type Books
Holdings
Withdrawn status Lost status Damaged status Not for loan Collection code Permanent Location Current Location Shelving location Date acquired Full call number Barcode Date last seen Price effective from Koha item type
        Mathematics Computing and Engineering Library Block-D Computing and Engineering Library Block-D Shelf No.B31 2019-07-22 TA 333 6647 2019-07-22 2019-07-22 Mathematics

Powered by Koha